000 00751nam a2200241 4500
003 OSt
005 20260530113901.0
008 260505b1980 |||||||| |||| 00| 0 eng d
040 _aICI
_bspa
_cICI
041 _aeng
050 _aTA645
_bS23
100 1 _aSchodek, Daniel L.,
_d1941-
_eautor.
_932315
245 1 0 _aStructures /
_cDaniel L. Schodek, Martin Bechthold
264 1 _aNew Jersey :
_bPearson/Prentice Hall,
_c1980
300 _a572 páginas :
_bilustraciones
336 _atexto
_2rdacontent
337 _asin medio
_2rdamedia
338 _avolumen
_2rdacarrier
650 0 4 _aDiseño de estructuras
_932316
650 0 4 _a Análisis estructural (Ingeniería)
_932317
700 1 _aBechthold, Martin,
_eautor
_932318
942 _2lcc
_cBK
_n1
999 _c11789
_d11789